The defence of Duffer's Drift; (Record no. 542686)
[ view plain ]
| 000 -LEADER | |
|---|---|
| fixed length control field | 00682cam a22001691 4500 |
| 082 #0 - DEWEY DECIMAL CLASSIFICATION NUMBER | |
| Classification number | 355.42 |
| Author Mark | SWI |
| -- | L-30,P-56 |
| 100 1# - MAIN ENTRY--PERSONAL NAME | |
| Personal name | Swinton, E. D. |
| 9 (RLIN) | 37962 |
| 245 14 - TITLE STATEMENT | |
| Title | The defence of Duffer's Drift; |
| Remainder of title | a few experiences in field defence for detached posts which may prove useful in our next war. |
| 250 ## - EDITION STATEMENT | |
| Edition statement | New ed. |
| 260 ## - PUBLICATION, DISTRIBUTION, ETC. | |
| Place of publication, distribution, etc. | Oxford, |
| Name of publisher, distributor, etc. | G. Ronald |
| Date of publication, distribution, etc. | [1949] |
| 300 ## - PHYSICAL DESCRIPTION | |
| Extent | 62 p. |
| Other physical details | maps. |
| Dimensions | 21 cm. |
| 500 ## - GENERAL NOTE | |
| General note | "Originally printed in the United service magazine (now incorporated in the Army quarterly) under the pseudonym Backsight Forethought." |
| 526 ## - STUDY PROGRAM INFORMATION NOTE | |
| Program name | 0 |
| Interest level | 0 |
| Reading level | 0 |
| Title point value | 355_420000000000000_SWI |
| 650 #0 - SUBJECT ADDED ENTRY--TOPICAL TERM | |
| Topical term or geographic name entry element | MCE |
| 9 (RLIN) | 379 |
| 650 #0 - SUBJECT ADDED ENTRY--TOPICAL TERM | |
| Topical term or geographic name entry element | South African War, 1899-1902 |
| 9 (RLIN) | 37963 |
| 942 ## - ADDED ENTRY ELEMENTS (KOHA) | |
| Source of classification or shelving scheme | |
| Koha item type | Book |
| Withdrawn status | Lost status | Source of classification or shelving scheme | Damaged status | Not for loan | Permanent Location | Current Location | Date acquired | Total Checkouts | Full call number | Barcode | Date last seen | Price effective from | Koha item type |
|---|---|---|---|---|---|---|---|---|---|---|---|---|---|
| Military College of Engineering (MCE) | Military College of Engineering (MCE) | 02/11/2014 | 355.42 SWI | MCE-30802 | 02/11/2014 | 02/11/2014 | Book |
